| 000 | 00591nam a2200205 a 4500 | ||
|---|---|---|---|
| 001 | 000024229 | ||
| 005 | 20200120222103.0 | ||
| 008 | 030819s1990 mexa gr0 000 d | ||
| 020 | _a9682411416 | ||
| 082 | 0 | 4 |
_a636.39 _bC11 |
| 245 | 1 | 0 | _aCabras. |
| 260 |
_aMéxico : _bTrillas, _c1990. |
||
| 300 | _a108p. : il. | ||
| 490 | 0 | _aManuales para educación agropecuaria, area producción animal; No.4 | |
| 500 | _aEj.1 y Ej.2 de Marichuela donados por la Secretaría de Educación de Bogotá | ||
| 650 | 1 | 4 | _aCabras |
| 650 | 1 | 4 | _aChivos |
| 650 | 1 | 4 | _aCrianza |
| 650 | 1 | 4 | _aProductos animales |
| 999 |
_c1351 _d1351 |
||